载入...

A Critical introduce to European law

书目详细资料
主要作者: Ward
出版: Cambridge 2009
LEADER 00198 a2200097 4500
020
260 |b Cambridge  |c 2009 
942 |c BK  |6 _ 
245 |a A Critical introduce to European law 
100 |a Ward 
999 |c 66021  |d 66021